000 00905nas a2200301 4500
001 BR0200094
003 BR-BrBNA
005 20231205102654.0
007 ta
008 230509b bl.|||p| |||| 00| 00por d
040 _aBR-BrBNA
_bpor
_cBiblioteca Nacional de Agricultura
041 _a(Pt)
072 _aF03
100 1 _aPeluzio, L.E.
100 1 _aSilva, R.F. da
100 1 _aReis, M.S.
100 1 _aCecon, P.R.
100 1 _aDias, D.C.F. dos S.
100 1 _aPeluzio, J.B.E.
245 1 _aEfeito do condicionamento osmótico na embebição e na germinação de sementes de cenoura (Daucus carota L.)
650 _aCENOURA
650 _aSEMENTE
650 _aGERMINAÇÃO
650 _aEMBEBIÇÃO
773 0 _tRevista Brasileira de Sementes (Brazil)
_xISSN 0101-3122
_g(1999), v. 21(2) p. 161-169
_wBR0200094
909 _a202311
_bLúcia
_c55
_dLúcia Elande
942 _2AGRIS
_n0
_cANA
999 _c168729
_d168729